Southville International School and Colleges
Your cart is empty.
  • Cart
  • Lists
    Public lists Eva Luna New books Lux_list list_1
    Your lists Log in to create your own lists
  • Log in to your account
  • Your cookies
  • Search history
Southville International School and Colleges
  • Advanced search
  • Recent comments
  • Most popular
  • Libraries

Log in to your account

Log in with GOOGLE


If you do not have an external account, but do have a local account, you can still log in:

  1. Home
  2. MARC view: First day of school /
Normal view MARC view ISBD view

First day of school / (Record no. 355735)

[ view plain ]
MARC details
000 -LEADER
fixed length control field 00511nam a2200193Ia 4500
008 - FIXED-LENGTH DATA ELEMENTS--GENERAL INFORMATION
fixed length control field 180207s9999 xx 000 0 und d
020 ## - INTERNATIONAL STANDARD BOOK NUMBER
International Standard Book Number 9781601691521
050 ## - LIBRARY OF CONGRESS CALL NUMBER
Item number G285 2011
100 ## - MAIN ENTRY--PERSONAL NAME
Personal name Gaydos, Nora
245 ## - TITLE STATEMENT
Title First day of school /
245 ## - TITLE STATEMENT
Statement of responsibility, etc by Nora Gaydos ; illustrated by Akemi Gutierrez.
260 ## - PUBLICATION, DISTRIBUTION, ETC. (IMPRINT)
Place of publication, distribution, etc Norwalk, Connecticut :
260 ## - PUBLICATION, DISTRIBUTION, ETC. (IMPRINT)
Name of publisher, distributor, etc Innovative Kids,
260 ## - PUBLICATION, DISTRIBUTION, ETC. (IMPRINT)
Date of publication, distribution, etc 2011
300 ## - PHYSICAL DESCRIPTION
Extent 23 pages :
300 ## - PHYSICAL DESCRIPTION
Other physical details color illustration ;
300 ## - PHYSICAL DESCRIPTION
Dimensions 20cm.
440 ## - SERIES STATEMENT/ADDED ENTRY--TITLE
Title Now I'm growing!
Holdings
Withdrawn status Lost status Damaged status Home library Current library Date acquired Total Checkouts Full call number Barcode Date last seen Price effective from Koha item type
      Stonyhurst Southville International School (Malarayat) Stonyhurst Southville International School (Malarayat) 02/07/2018   ER G285 2011 SSISM5280 02/07/2018 02/07/2018 Books

First day of school /

APA

Gaydos N., .First day of school. Norwalk, Connecticut: .

Chicago

Gaydos Nora, .First day of school. Norwalk, Connecticut: .

Harvard

Gaydos N., .First day of school. Norwalk, Connecticut: .

MLA

Gaydos Nora, .Norwalk, Connecticut: . .

  • Place hold
  • Print
  • Cite
  • Add to your cart (remove)
  • Save record
    BIBTEX Dublin Core MARCXML MARC (non-Unicode/MARC-8) MARC (Unicode/UTF-8) MARC (Unicode/UTF-8, Standard) MODS (XML) RIS
  • More searches
    Search for this title in:
    Other Libraries (WorldCat) Other Databases (Google Scholar) Online Stores (Bookfinder.com) Open Library (openlibrary.org)

Exporting to Dublin Core...

SOUTHVILLE LIBRARY

Southville International School and Colleges Library

1281 Tropical Ave. Cor. Luxembourg St., BF Homes International, Las Pinas City

Tel. No. 8256374 / 252358 Loc. 117/146

Powered by Koha